000
00296nam a2200109Ia 4500
008
201223s9999 xx 000 0 und d
100
_a
Pearson, M N
245
0
_a
Coastal western India: studies from the portuguese records
260
_a
New Delhi
_b
Concept Publishing
300
_a
149
942
_c
BK
999
_c
8293
_d
8293